Titular Characters 1 - Statistics

General Stats
  • This quiz has been taken 3 times
  • The average score is 8 of 18
Answer Stats
Author Title Answer % Correct
Ian Fleming The Spy Who Loved Me James Bond
100%
Victor Hugo The Hunchback of Notre-Dame Quasimodo
100%
J.K. Rowling The Prisoner of Azkaban Sirius Black
100%
Mario Puzo The Godfather Vito Corleone
100%
William Shakespeare The Merchant of Venice Antonio
67%
J.K. Rowling The Half Blood Prince Severus Snape
67%
William Goldman The Princess Bride Buttercup
33%
Gaston Leroux The Phantom of the Opera Erik
33%
J.D. Salinger The Catcher in the Rye Holden Caulfield
33%
William Shakespeare The Two Gentlemen of Verona Proteus
33%
J.R.R. Tolkien The Lord of the Rings Sauron
33%
Bertolt Brecht The Good Person of Szechwan Shen Te
33%
^ ^ Valentine
33%
Alexandre Dumas The Count of Monte Cristo Edmond Dantes
0%
H.G. Wells The Invisible Man Griffin
0%
Bret Easton Ellis American Psycho Patrick Bateman
0%
John Boyne The Boy in the Striped Pajamas Shmuel
0%
Robert A. Heinlein Stranger in a Strange Land Valentine Michael Smith
0%
No matching quizzes found
Score Distribution
Percent of People with Each Score
Percentile by Number Answered
Your Score History
You have not taken this quiz